Palaye Royale Discography - Statistics

General Stats
  • This quiz has been taken 71 times
    52 since last reset
  • The average score is 48 of 91
Answer Stats
Album Song % Correct
The Bastards Little Bastards
88%
Boom Boom Room (Side A) Mr. Doctor Man
88%
Death or Glory Death or Glory
85%
Fever Dream Fever Dream
85%
The Bastards Black Sheep
81%
The Bastards Lonely
77%
The Bastards Nightmares
77%
Fever Dream No Love In LA
77%
Fever Dream Oblivion
77%
The Bastards Anxiety
73%
Death or Glory Dark Side of the Silver Spoon
73%
Death or Glory Just My Type
73%
Death or Glory Ache In My Heart
69%
Sextape EP Dead To Me
69%
Boom Boom Room (Side B) Dying In A Hot Tub
69%
Fever Dream Paranoid
69%
Fever Dream Punching Bag
69%
Death or Glory Showbiz
69%
Boom Boom Room (Side B) The Boom
69%
Fever Dream Eternal Life (Intro)
65%
Death or Glory Hot Mess
65%
Boom Boom Room (Side A) Ma Cherie (feat. Kellin Quinn)
65%
The Bastards Massacre, The New American Dream
65%
The Bastards Nervous Breakdown
65%
Fever Dream Broken
62%
Fever Dream Eternal Life
62%
Fever Dream Lifeless Stars
62%
Cover Mad World (Tears For Fears cover)
62%
Single Morning Light
62%
Death or Glory Addicted to the Wicked & Twisted
58%
Sextape EP Closer (Nine Inch Nails cover)
58%
The Bastards F*****g With My Head
58%
The Bastards Hang on to Yourself
58%
Fever Dream Off With The Head (Outro)
58%
The Bastards Redeemer
58%
Sextape EP Season Of The Witch (Donovan cover)
58%
The Bastards Tonight Is The Night I Die
58%
Songs For Sadness EP umakemenotwannadie
58%
Sextape EP Desire
54%
Death or Glory For You
54%
Fever Dream Line It Up (with LP)
54%
The Bastards Lord Of Lies (Bonus Track)
54%
The Bastards Masochist
54%
Fever Dream Off With The Head
54%
The Bastards Stay
54%
Boom Boom Room (Side A) Warhol
54%
Boom Boom Room (Side B) You'll Be Fine
54%
Boom Boom Room (Side A) All My Friends
50%
Songs For Sadness EP Don't Cry
50%
The Bastards Doom (Empty)
50%
Songs For Sadness EP Hello Sunshine
50%
Boom Boom Room (Side B) Hospital Beds
50%
Boom Boom Room (Side B) Mrs. Infamous (My Sweetness)
50%
Death or Glory Pretty Stranger
50%
Boom Boom Room (Side B) Teenage Heartbreak Queen
50%
Fever Dream Toxic In You
50%
Fever Dream King of the Damned
46%
Death or Glory Mister Devil
46%
Death or Glory Self-Loathing Conversation
46%
Boom Boom Room (Side A) Sick Boy Soldier
46%
Death or Glory Been Too Long
42%
The Ends Beginning EP Cemeteries No. 01 (Running)
42%
Boom Boom Room (Side A) Clockwork
42%
The Ends Beginning EP Death Is a Party, Invite All Your Friends
42%
The Ends Beginning EP Die for Something Beautiful
42%
Boom Boom Room (Side B) Love the Void
42%
Fever Dream Wasted Sorrow
42%
Single Wednesday Afternoon
42%
Boom Boom Room (Side A) Where Is The Boom?
42%
The Ends Beginning EP Cemeteries No. 02 (Dreams of Lieseil)
38%
Boom Boom Room (Side B) Death Dance
38%
Single (with Pussy Riot) Debilitate
38%
Boom Boom Room (Side A) Don't Feel Quite Right
38%
Cover Eleanor Rigby (The Beatles cover)
38%
Boom Boom Room (Side A) Get Higher
38%
Single (From Paradise City) Nightmares In Paradise
38%
Sextape EP Stripped (Depeche Mode cover)
38%
Boom Boom Room (Side A) Rag Doll
35%
Boom Boom Room (Side A) White
35%
Songs For Sadness EP Worlds End
35%
Boom Boom Room (Side A) How Do You Do?
31%
Boom Boom Room (Side A) My Youth Generation
31%
Boom Boom Room (Side A) Too Many People
31%
Songs For Sadness EP Be Here
27%
Single Bullet With Butterfly Wings
27%
The Ends Beginning EP The Underground
27%
Boom Boom Room (Side A) Live Like We Want To
23%
The Ends Beginning EP Primary Propaganda
23%
Single (Kropp Circle) Can't Stop the Rain
19%
Single (with OmenXiii) Push Me Away
19%
Single Cyanide (with Huddy)
0%
No matching quizzes found
Score Distribution
Percent of People with Each Score
Percentile by Number Answered
Your Score History
You have not taken this quiz since the last reset